Central Library OPAC University of Rajshahi

The beginners / (Record no. 20634)

MARC details
000 -LEADER
fixed length control field 00682cam a22002411a 4500
001 - CONTROL NUMBER
control field 20634
003 - CONTROL NUMBER IDENTIFIER
rucl marc code BD-RjUL
005 - DATE AND TIME OF LATEST TRANSACTION
control field 20211209000606.0
008 - FIXED-LENGTH DATA ELEMENTS--GENERAL INFORMATION
fixed length control field 140301s1966 nyu 000 1 eng
035 ## - SYSTEM CONTROL NUMBER
System control number (BD-RjUL)20696
System control number (OCoLC)644224
040 ## - CATALOGING SOURCE
Original cataloging agency DLC
Transcribing agency OAsC
Modifying agency OCoLC
-- TxU-Hu
-- DLC
-- BD-RjUL
Language of cataloging eng
041 ## - LANGUAGE CODE
Language code of text/sound track or separate title eng
082 ## - DEWEY DECIMAL CLASSIFICATION NUMBER
Classification number 823
Author mark and year JAB 1966
100 1# - MAIN ENTRY--PERSONAL NAME
Personal name Jacobson, Dan,
Dates associated with a name 1929-
9 (RLIN) 63670
245 14 - TITLE STATEMENT
Title The beginners /
Statement of responsibility, etc. Dan Jacobson.
260 ## - PUBLICATION, DISTRIBUTION, ETC. (IMPRINT)
Place of publication, distribution, etc. New York :
Name of publisher, distributor, etc. Macmillan,
Date of publication, distribution, etc. c1966.
300 ## - PHYSICAL DESCRIPTION
Pagination 469 p. ;
Size 22 cm.
650 07 - SUBJECT ADDED ENTRY--TOPICAL TERM
Source of heading or term SLSH
Topical term or geographic name as entry element South African fiction (English).
9 (RLIN) 63671
942 ## - ADDED ENTRY ELEMENTS (KOHA)
Source of classification or shelving scheme Dewey Decimal Classification
Koha item type Books
Holdings
Lost status Source of classification or shelving scheme Damaged status Not for loan Permanent Location Current Location Shelving location Date acquired Source of acquisition Cost, normal purchase price Total Checkouts Full call number Date last seen Copy number Koha item type
  Dewey Decimal Classification   Added to bundle Central Library, University of Rajshahi Central Library, University of Rajshahi Reading Room 26/05/1966 Registrar, R. U 0.00   823 JAB 1966 01/03/2014 C-1 Books